[Event "DEM U16w 2024"]
[Site "Willingen GER"]
[Date "2024.05.24"]
[Round "8"]
[White "Sayouf, Rafif"]
[Black "Lorenz, Rebecca"]
[Result "1-0"]
[Termination "normal"]
[Board "14"]
[WhiteElo "1690"]
[BlackElo "1460"]
[WhiteClock "01:13:35"]
[BlackClock "00:09:59"]
[PlyCount "57"]
[WhiteFideId "34630333"]
[BlackFideId "34610944"]
[EventCountry "GER"]
[EventRounds "9"]
[EventType "swiss"]
[EventDate "2024.05.18"]

1. e4 {[%clk 01:30:58]} {[%emt 00:00:01]} e5 {[%clk 01:30:51]} {[%emt
00:00:08]} 2. Nf3 {[%clk 01:31:24]} {[%emt 00:00:05]} Nc6 {[%clk 01:31:15]}
{[%emt 00:00:07]} 3. Bc4 {[%clk 01:31:25]} {[%emt 00:00:28]} Bc5 {[%clk
01:31:16]} {[%emt 00:00:28]} 4. d3 {[%clk 01:31:41]} {[%emt 00:00:14]} d6
{[%clk 01:31:11]} {[%emt 00:00:36]} 5. Nc3 {[%clk 01:31:54]} {[%emt 00:00:17]}
Nf6 {[%clk 01:30:40]} {[%emt 00:01:00]} 6. Bg5 {[%clk 01:32:17]} {[%emt
00:00:07]} Be6 {[%clk 01:30:07]} {[%emt 00:01:04]} 7. Bb3 {[%clk 01:32:06]}
{[%emt 00:00:40]} Bb4 {[%clk 01:28:48]} {[%emt 00:01:48]} 8. O-O {[%clk
01:31:09]} {[%emt 00:01:27]} Qd7 {[%clk 01:26:09]} {[%emt 00:03:08]} 9. Nd5
{[%clk 01:28:58]} {[%emt 00:02:42]} Nxd5 {[%clk 01:23:30]} {[%emt 00:03:09]}
10. exd5 {[%clk 01:29:21]} {[%emt 00:00:07]} Bg4 {[%clk 01:17:36]} {[%emt
00:06:24]} 11. dxc6 {[%clk 01:29:28]} {[%emt 00:00:22]} Qxc6 {[%clk 01:16:39]}
{[%emt 00:01:28]} 12. Be3 {[%clk 01:27:14]} {[%emt 00:02:44]} Qd7 {[%clk
01:11:09]} {[%emt 00:06:01]} 13. c3 {[%clk 01:26:15]} {[%emt 00:01:29]} Ba5
{[%clk 01:08:46]} {[%emt 00:02:53]} 14. h3 {[%clk 01:25:47]} {[%emt 00:00:57]}
Bh5 {[%clk 01:08:04]} {[%emt 00:01:12]} 15. Bc2 {[%clk 01:20:24]} {[%emt
00:05:54]} Qc6 {[%clk 01:05:42]} {[%emt 00:02:51]} 16. c4 {[%clk 01:16:58]}
{[%emt 00:03:57]} f6 {[%clk 01:03:06]} {[%emt 00:03:06]} 17. Ba4 {[%clk
01:17:09]} {[%emt 00:00:19]} O-O {[%clk 00:54:34]} {[%emt 00:09:03]} 18. Bxc6
{[%clk 01:17:30]} {[%emt 00:00:09]} bxc6 {[%clk 00:54:49]} {[%emt 00:00:15]}
19. Qa4 {[%clk 01:17:48]} {[%emt 00:00:12]} Bb6 {[%clk 00:54:15]} {[%emt
00:01:04]} 20. Qxc6 {[%clk 01:17:45]} {[%emt 00:00:32]} Rfc8 {[%clk 00:52:33]}
{[%emt 00:02:12]} 21. Bxb6 {[%clk 01:15:53]} {[%emt 00:02:23]} axb6 {[%clk
00:46:08]} {[%emt 00:06:56]} 22. d4 {[%clk 01:13:23]} {[%emt 00:02:59]} exd4
{[%clk 00:40:44]} {[%emt 00:05:53]} 23. Nxd4 {[%clk 01:13:37]} {[%emt
00:00:17]} h6 {[%clk 00:39:02]} {[%emt 00:02:12]} 24. Rfe1 {[%clk 01:13:38]}
{[%emt 00:00:29]} g5 {[%clk 00:35:48]} {[%emt 00:03:44]} 25. Re7 {[%clk
01:13:31]} {[%emt 00:00:37]} Ra7 {[%clk 00:19:51]} {[%emt 00:16:26]} 26. Qd5+
{[%clk 01:13:04]} {[%emt 00:00:57]} Kf8 {[%clk 00:17:45]} {[%emt 00:02:36]} 27.
Qe6 {[%clk 01:13:22]} {[%emt 00:00:13]} Bg6 {[%clk 00:12:03]} {[%emt 00:06:12]}
28. Qxf6+ {[%clk 01:13:35]} {[%emt 00:00:17]} Kg8 {[%clk 00:09:59]} {[%emt
00:02:34]} 29. Qg7# {[%emt 00:00:06]} 1-0

[Event "DEM U16w 2024"]
[Site "Willingen GER"]
[Date "2024.05.24"]
[Round "8"]
[White "Rabe, Elina"]
[Black "Breja, Eva"]
[Result "1/2-1/2"]
[Termination "normal"]
[Board "15"]
[WhiteElo "1551"]
[BlackElo "1390"]
[WhiteClock "00:37:00"]
[BlackClock "00:51:17"]
[PlyCount "70"]
[WhiteFideId "34623531"]
[BlackFideId "34639632"]
[EventCountry "GER"]
[EventRounds "9"]
[EventType "swiss"]
[EventDate "2024.05.18"]

1. d4 {[%clk 01:04:00]} {[%emt 00:00:06]} Nf6 {[%clk 01:30:55]} {[%emt
00:00:05]} 2. Nc3 {[%clk 01:04:20]} {[%emt 00:00:11]} e5 {[%clk 01:29:00]}
{[%emt 00:03:19]} 3. dxe5 {[%clk 01:09:16]} {[%emt 00:00:34]} Ng4 {[%clk
01:29:23]} {[%emt 00:00:06]} 4. Nf3 {[%clk 01:08:39]} {[%emt 00:01:08]} Bc5
{[%clk 01:29:43]} {[%emt 00:00:11]} 5. e3 {[%clk 01:08:07]} {[%emt 00:01:02]}
Nc6 {[%clk 01:30:03]} {[%emt 00:00:09]} 6. Be2 {[%clk 01:06:06]} {[%emt
00:02:30]} Ngxe5 {[%clk 01:30:20]} {[%emt 00:00:14]} 7. O-O {[%clk 01:06:05]}
{[%emt 00:00:30]} O-O {[%clk 01:30:13]} {[%emt 00:00:36]} 8. a3 {[%clk
01:04:50]} {[%emt 00:01:45]} Nxf3+ {[%clk 01:24:35]} {[%emt 00:06:08]} 9. Bxf3
{[%clk 01:05:17]} {[%emt 00:00:02]} Ne5 {[%clk 01:23:06]} {[%emt 00:01:59]} 10.
Re1 {[%clk 01:01:25]} {[%emt 00:04:23]} c6 {[%clk 01:22:18]} {[%emt 00:01:17]}
11. e4 {[%clk 01:01:13]} {[%emt 00:00:41]} d6 {[%clk 01:21:21]} {[%emt
00:01:28]} 12. Bf4 {[%clk 00:59:53]} {[%emt 00:01:50]} Qb6 {[%clk 01:18:38]}
{[%emt 00:03:14]} 13. Be3 {[%clk 00:58:10]} {[%emt 00:02:12]} Bxe3 {[%clk
01:17:45]} {[%emt 00:01:23]} 14. Rxe3 {[%clk 00:58:38]} {[%emt 00:00:03]} f5
{[%clk 01:07:55]} {[%emt 00:10:20]} 15. b3 {[%clk 00:54:16]} {[%emt 00:04:52]}
Ng4 {[%clk 01:03:53]} {[%emt 00:04:32]} 16. Bxg4 {[%clk 00:53:59]} {[%emt
00:00:47]} fxg4 {[%clk 01:04:15]} {[%emt 00:00:07]} 17. Qxd6 {[%clk 00:53:40]}
{[%emt 00:00:49]} g3 {[%clk 01:04:16]} {[%emt 00:00:28]} 18. Qxg3 {[%clk
00:53:15]} {[%emt 00:00:56]} Rf6 {[%clk 01:03:22]} {[%emt 00:01:24]} 19. Rf3
{[%clk 00:51:11]} {[%emt 00:02:34]} Rg6 {[%clk 01:03:31]} {[%emt 00:00:22]} 20.
Qf4 {[%clk 00:51:09]} {[%emt 00:00:31]} Rf6 {[%clk 01:02:37]} {[%emt 00:01:25]}
21. Qe5 {[%clk 00:50:37]} {[%emt 00:01:01]} Rxf3 {[%clk 01:01:16]} {[%emt
00:01:51]} 22. gxf3 {[%clk 00:50:32]} {[%emt 00:00:35]} Bh3 {[%clk 01:01:21]}
{[%emt 00:00:25]} 23. Na4 {[%clk 00:48:23]} {[%emt 00:02:39]} Qd8 {[%clk
00:59:54]} {[%emt 00:01:55]} 24. Nc5 {[%clk 00:48:00]} {[%emt 00:00:56]} b6
{[%clk 00:57:04]} {[%emt 00:03:20]} 25. Nd3 {[%clk 00:46:52]} {[%emt 00:01:37]}
Qd7 {[%clk 00:55:43]} {[%emt 00:01:50]} 26. Nf4 {[%clk 00:45:14]} {[%emt
00:02:09]} Rf8 {[%clk 00:53:30]} {[%emt 00:02:39]} 27. Nxh3 {[%clk 00:42:57]}
{[%emt 00:02:50]} Qxh3 {[%clk 00:53:51]} {[%emt 00:00:09]} 28. Rd1 {[%clk
00:40:56]} {[%emt 00:02:31]} Qxf3 {[%clk 00:53:25]} {[%emt 00:00:56]} 29. Qe6+
{[%clk 00:40:45]} {[%emt 00:00:41]} Kh8 {[%clk 00:50:28]} {[%emt 00:03:28]} 30.
Rd2 {[%clk 00:38:23]} {[%emt 00:02:50]} Qf4 {[%clk 00:50:34]} {[%emt 00:00:25]}
31. Re2 {[%clk 00:37:29]} {[%emt 00:01:24]} Qc1+ {[%clk 00:50:50]} {[%emt
00:00:15]} 32. Kg2 {[%clk 00:37:25]} {[%emt 00:00:33]} Qg5+ {[%clk 00:51:12]}
{[%emt 00:00:08]} 33. Kf1 {[%clk 00:37:00]} {[%emt 00:00:55]} Qc1+ {[%clk
00:51:17]} {[%emt 00:00:26]} 34. Re1 {[%emt 00:00:45]} Qf4 {[%emt 00:00:02]}
35. Re2 {[%emt 00:00:04]} Qc1+ {[%emt 00:00:01]} 1/2-1/2